000 00275nam a2200097Ia 4500
008 200626s9999 xx 000 0 und d
020 _a0-9623729-4-3
245 4 _aThe best of art culinaire:
_bIssues 15-30:/
260 _aNew Jersey:
_bCulinaire Inc.
_c2001
300 _a422 pages
999 _c363899
_d363899